000 01300nam a22004210a 4500
001 PT60480
003 AR-LpoUNG
005 20260131014315.0
008 201001s2018||||ag |||||||||||||||||spa d
020 _a9789876303736
_c$2
040 _aAR-LpoUNG
_bspa
_eaacr
041 _aspa
044 _aag
082 0 _a334.01 874ins
100 1 _aLoritz, Érika
245 1 0 _aInstituciones y prácticas económicas comunitarias :
_baprendiendo del sistema de reproducción de la vida de los pueblos aymara y mixteco
250 _a1ra. ed.
260 _aLos Polvorines :
_bUniversidad Nacional de General Sarmiento,
_c2018.
300 _a220 p. :
_btbls.
490 0 _aLecturas de economía social ;
_vno.10
650 4 _aAMERICA LATINA
650 4 _aANALISIS ECONOMICO
650 4 _aANALISIS HISTORICO
650 4 _aCAPITALISMO
650 4 _aCOMUNIDADES
650 4 _aCONO SUR
650 4 _aECONOMIA
650 4 _aMERCADO
650 4 _aRECONSTRUCCION DE LA ECONOMIA
650 4 _aSISTEMAS ECONOMICOS
653 0 _aECONOMIA SOCIAL
653 0 _aECONOMIA SOLIDARIA
700 1 _aCoraggio, José Luis
_epres.
_93
700 1 _aRagazzini, Irene
856 4 0 _uhttp://repositorio.ungs.edu.ar:8080/xmlui/handle/UNGS/951
_yTexto completo
905 _a60480
942 _cLIB
_2ddc
999 _c51604
_d51604